000
00304nam a22001337a 4500
008
180213b xxu||||| |||| 00| 0 eng d
020
_a
0080298559
041
_a
eng
080
_a
338
100
_a
54
101
_a
MEN
245
_a
Organisations in the communications age
_c
More,E.A
942
_2
udc
_c
BK
999
_c
42429
_d
42429